[Event "Hastings Masters 2010-11"]
[Site "Hastings ENG"]
[Date "2010.12.28"]
[Round "1.1"]
[White "Eames, Robert S"]
[Black "Edouard, Romain"]
[Result "0-1"]
[WhiteTitle "FM"]
[BlackTitle "GM"]
[WhiteElo "2275"]
[BlackElo "2636"]
[WhiteFideId "408743"]
[BlackFideId "633429"]
[EventDate "2010.12.28"]

1. e4 c5 2. d4 cxd4 3. c3 dxc3 4. Nxc3 Nc6 5. Nf3 d6 6. Bc4 a6 7. Bg5 Nf6 8.
Bxf6 gxf6 9. O-O Bg7 10. Nd4 e6 11. Nxc6 bxc6 12. Qg4 O-O 13. Rad1 d5 14. Bd3 f5
15. exf5 Qf6 16. fxe6 fxe6 17. Qh5 Qh6 18. Qe2 e5 19. f3 Rb8 20. Na4 Rb4 21. b3
Rh4 22. g3 Rh5 23. Rc1 e4 24. fxe4 Bd4+ 25. Kh1 Bf2 26. Rxf2 Qxc1+ 27. Rf1 Rxf1+
28. Qxf1 Qxf1+ 29. Bxf1 dxe4 30. h4 Bg4 31. Kg1 e3 32. Nc3 a5 33. Bd3 Rc5 34.
Bc4+ Kg7 35. Kf1 Rf5+ 36. Ke1 Rf2 37. Be2 Bxe2 38. Nxe2 Kf6 39. a3 Ke5 40. b4
axb4 41. axb4 h5 0-1

[Event "Hastings Masters 2010-11"]
[Site "Hastings ENG"]
[Date "2010.12.28"]
[Round "1.3"]
[White "Kaufeld, Juergen"]
[Black "Howell, David W L"]
[Result "0-1"]
[WhiteTitle "FM"]
[BlackTitle "GM"]
[WhiteElo "2270"]
[BlackElo "2611"]
[WhiteFideId "4648498"]
[BlackFideId "410608"]
[EventDate "2010.12.28"]

1. d4 Nf6 2. c4 g6 3. Nf3 Bg7 4. g3 d5 5. Bg2 O-O 6. O-O dxc4 7. Na3 c3 8. bxc3
c5 9. Qb3 Nc6 10. Rd1 Na5 11. Qb2 Bf5 12. Ne5 Rc8 13. Bf4 Nd7 14. e4 Nxe5 15.
Bxe5 Bxe5 16. dxe5 Bd7 17. e6 fxe6 18. Bh3 Qe8 19. Qd2 Rc7 20. Qg5 Bc8 21. Qe5
Rc6 22. f4 a6 23. Rd3 Qf7 24. Rad1 Qf6 25. Rd8 Qxe5 26. fxe5 b5 27. Bf1 Rc7 0-1

[Event "Hastings Masters 2010-11"]
[Site "Hastings ENG"]
[Date "2010.12.28"]
[Round "1.4"]
[White "Kotronias, Vasilios"]
[Black "Griffiths, Ryan Rhys"]
[Result "1-0"]
[WhiteTitle "GM"]
[WhiteElo "2591"]
[BlackElo "2267"]
[WhiteFideId "5900212"]
[BlackFideId "2502054"]
[EventDate "2010.12.28"]

1. e4 c5 2. Nc3 d6 3. f4 g6 4. Nf3 Bg7 5. Bc4 Nc6 6. d3 Nf6 7. O-O O-O 8. Qe1
Nd4 9. Nxd4 cxd4 10. Nb5 a6 11. Nxd4 b5 12. Bb3 Qb6 13. c3 e5 14. fxe5 dxe5 15.
Be3 Qd6 16. Nf3 Qxd3 17. Nxe5 Qxe4 18. Bc5 Bb7 19. Qxe4 Bxe4 20. Bxf8 Kxf8 21.
Nd7+ 1-0

[Event "Hastings Masters 2010-11"]
[Site "Hastings ENG"]
[Date "2010.12.28"]
[Round "1.5"]
[White "Ledger, Dave J"]
[Black "Hebden, Mark L"]
[Result "1-0"]
[WhiteTitle "FM"]
[BlackTitle "GM"]
[WhiteElo "2261"]
[BlackElo "2560"]
[WhiteFideId "401986"]
[BlackFideId "400084"]
[EventDate "2010.12.28"]

1. e4 e5 2. Nf3 Nc6 3. Bc4 Nf6 4. d3 Be7 5. O-O O-O 6. Re1 d6 7. a4 Na5 8. Ba2
c5 9. Bg5 Kh8 10. Bxf6 Bxf6 11. Nc3 g6 12. Nd5 Bg7 13. c3 Nc6 14. h3 f5 15. b4
cxb4 16. cxb4 fxe4 17. dxe4 Be6 18. b5 Nd4 19. Re3 Rc8 20. Rd3 Rc5 21. Rb1 Qd7
22. b6 a6 23. Nxd4 exd4 24. Ra3 Qf7 25. Rf3 Qe8 26. Nc7 Rxc7 27. Rxf8+ Qxf8 28.
bxc7 Bxa2 29. Rxb7 Be6 30. Rb8 Kg8 31. Qc2 Qc8 32. Rxc8+ Bxc8 33. Qb3+ 1-0

[Event "Hastings Masters 2010-11"]
[Site "Hastings ENG"]
[Date "2010.12.28"]
[Round "1.6"]
[White "Sengupta, Deep"]
[Black "Ramondino, Renzo"]
[Result "1-0"]
[WhiteTitle "GM"]
[BlackTitle "FM"]
[WhiteElo "2558"]
[BlackElo "2257"]
[WhiteFideId "5008352"]
[BlackFideId "810304"]
[EventDate "2010.12.28"]

1. e4 c5 2. Nf3 d6 3. d4 cxd4 4. Nxd4 Nf6 5. Nc3 g6 6. Be3 Bg7 7. f3 O-O 8. Qd2
Nc6 9. Bc4 Bd7 10. Bb3 Ne5 11. h4 h5 12. O-O-O Rc8 13. Bg5 Rc5 14. f4 Nc4 15.
Qd3 Ng4 16. Bxc4 Nf2 17. Qe2 Nxh1 18. Bb3 Bg4 19. Nf3 Ng3 20. Qe1 Bxc3 21. bxc3
Kg7 22. f5 gxf5 23. Qxg3 fxe4 24. Be3 Qa5 25. Nh2 Rf5 26. Nxg4 hxg4 27. Qxg4+
Kh7 28. Bd4 Rg8 29. Qxe4 e6 30. g4 d5 31. Qe2 Rf4 32. Qe5 1-0

[Event "Hastings Masters 2010-11"]
[Site "Hastings ENG"]
[Date "2010.12.28"]
[Round "1.7"]
[White "Rudd, Jack"]
[Black "Neverov, Valeriy"]
[Result "0-1"]
[WhiteTitle "IM"]
[BlackTitle "GM"]
[WhiteElo "2253"]
[BlackElo "2522"]
[WhiteFideId "405736"]
[BlackFideId "14100150"]
[EventDate "2010.12.28"]

1. e4 c5 2. Nf3 d6 3. d4 cxd4 4. Nxd4 Nf6 5. Nc3 a6 6. Bg5 e6 7. f4 Be7 8. Qf3
Qc7 9. O-O-O Nbd7 10. Be2 b5 11. Bxf6 Nxf6 12. e5 Bb7 13. exf6 Bxf3 14. Bxf3
Bxf6 15. Bxa8 Qc4 16. Ne4 Qxa2 17. Nxd6+ Kd7 18. Bf3 Qa1+ 19. Kd2 Qxb2 0-1

[Event "Hastings Masters 2010-11"]
[Site "Hastings ENG"]
[Date "2010.12.28"]
[Round "1.8"]
[White "Williams, Simon K"]
[Black "Furman, Boris"]
[Result "1/2-1/2"]
[WhiteTitle "GM"]
[BlackTitle "FM"]
[WhiteElo "2493"]
[BlackElo "2253"]
[WhiteFideId "404454"]
[BlackFideId "4107187"]
[EventDate "2010.12.28"]

1. e4 c5 2. Nf3 Nc6 3. d4 cxd4 4. Nxd4 Nf6 5. Nc3 d6 6. Bc4 e5 7. Nf5 Be6 8. Bb3
Nxe4 9. Bxe6 fxe6 10. Nxg7+ Bxg7 11. Qh5+ Kf8 12. Nxe4 d5 13. Ng5 Qd7 14. Qg4
Re8 15. O-O h6 16. Nf3 Kg8 17. Nh4 h5 18. Qh3 Bf6 19. f4 e4 20. f5 e5 21. Ng6
Rh7 22. Qg3 Kf7 23. Be3 Rg8 24. Bg5 h4 25. Qg4 h3 26. Bxf6 Kxf6 27. gxh3 Qg7 28.
Rad1 Rd8 29. b4 Qh6 30. b5 Na5 31. h4 Nc4 32. Rde1 Re8 33. Kh1 Nd2 34. Rf2 e3
35. Qg5+ Qxg5 36. hxg5+ Kxg5 37. Rxe3 Ne4 38. Rg2+ Kf6 39. c4 Rc8 40. cxd5 Rc1+
41. Rg1 Rc2 42. Rg2 Rc1+ 43. Rg1 Rc2 1/2-1/2

[Event "Hastings Masters 2010-11"]
[Site "Hastings ENG"]
[Date "2010.12.28"]
[Round "1.9"]
[White "White, Michael J R"]
[Black "Das, Arghyadip"]
[Result "0-1"]
[WhiteTitle "FM"]
[BlackTitle "IM"]
[WhiteElo "2247"]
[BlackElo "2476"]
[WhiteFideId "407380"]
[BlackFideId "5003610"]
[EventDate "2010.12.28"]

1. e4 e6 2. d4 d5 3. Nd2 Nf6 4. e5 Nfd7 5. Ngf3 c5 6. c3 Nc6 7. Bd3 g6 8. dxc5
Nxc5 9. Nb3 Nd7 10. Bf4 Bg7 11. Qe2 Qc7 12. Bb5 O-O 13. Bxc6 bxc6 14. Qe3 c5 15.
h4 Bb7 16. O-O a5 17. Rfe1 Rfe8 18. h5 Rab8 19. hxg6 fxg6 20. Nbd2 Qc6 21. Nh4
Rf8 22. Ndf3 Qa4 23. Bh6 Qg4 24. Bxg7 Kxg7 25. Kh2 h6 26. Qd3 Rf7 27. Rad1 Nf8
28. g3 g5 29. Rg1 d4 0-1

[Event "Hastings Masters 2010-11"]
[Site "Hastings ENG"]
[Date "2010.12.28"]
[Round "1.10"]
[White "Gormally, Daniel W"]
[Black "Kwiatkowski, Feliks J"]
[Result "1-0"]
[WhiteTitle "GM"]
[BlackTitle "CM"]
[WhiteElo "2470"]
[BlackElo "2246"]
[WhiteFideId "406465"]
[BlackFideId "401803"]
[EventDate "2010.12.28"]

1. c4 c5 2. Nc3 g6 3. Nf3 Bg7 4. e3 Nf6 5. d4 O-O 6. Be2 cxd4 7. Nxd4 Nc6 8. O-O
d6 9. b3 Nd7 10. Bb2 Nc5 11. Nd5 a5 12. Rb1 Bd7 13. Nb5 Nb4 14. Bxg7 Kxg7 15.
Ndc3 Bf5 16. Rb2 Bd3 17. a3 Bxe2 18. Qxe2 Nc6 19. Rd1 Na7 20. Nd4 Nc6 21. Nf3
Qd7 22. h3 f5 23. b4 axb4 24. axb4 Na4 25. Nxa4 Rxa4 26. c5 Nxb4 27. cxd6 Nc6
28. Qb5 Ra7 29. Ne5 Nxe5 30. Qxe5+ Kf7 31. Rbd2 b6 32. dxe7 Qxe7 33. Qb5 Qc5 34.
Qb3+ Kg7 35. Rd7+ Rf7 36. Qxf7+ 1-0

[Event "Hastings Masters 2010-11"]
[Site "Hastings ENG"]
[Date "2010.12.28"]
[Round "1.11"]
[White "Spence, David J"]
[Black "Pert, Richard G"]
[Result "0-1"]
[BlackTitle "IM"]
[WhiteElo "2237"]
[BlackElo "2464"]
[WhiteFideId "407429"]
[BlackFideId "404748"]
[EventDate "2010.12.28"]

1. e4 c5 2. c3 d5 3. exd5 Qxd5 4. d4 Nf6 5. Nf3 Bg4 6. dxc5 Qxd1+ 7. Kxd1 e5 8.
b4 e4 9. h3 Bh5 10. g4 Nxg4 11. hxg4 Bxg4 12. Nd2 exf3 13. Bd3 Nd7 14. Re1+ Be7
15. Be4 O-O-O 16. Bxb7+ Kxb7 17. Rxe7 Rhe8 18. Rxe8 Rxe8 19. Nc4 Re2 20. Be3 Nf6
21. Nd6+ Kb8 22. c4 Bd7 23. c6 Bxc6 24. b5 Bd7 25. a4 Ng4 26. Ra3 Nxf2+ 27. Kc1
Ng4 28. Bxa7+ Kxa7 29. Rxf3 Ne5 30. Rf1 Kb6 0-1

[Event "Hastings Masters 2010-11"]
[Site "Hastings ENG"]
[Date "2010.12.28"]
[Round "1.12"]
[White "Shyam, Sundar M."]
[Black "Britton, Richard L"]
[Result "1-0"]
[WhiteTitle "IM"]
[BlackTitle "FM"]
[WhiteElo "2439"]
[BlackElo "2229"]
[WhiteFideId "5019141"]
[BlackFideId "401692"]
[EventDate "2010.12.28"]

1. e4 c5 2. Nf3 d6 3. Nc3 a6 4. d4 cxd4 5. Nxd4 Nf6 6. Be3 e6 7. Be2 Be7 8. O-O
O-O 9. f4 Qc7 10. g4 d5 11. e5 Ne4 12. Nxe4 dxe4 13. Qe1 Nc6 14. Qc3 Bd7 15.
Nxc6 Bxc6 16. f5 Rfc8 17. Rac1 b5 18. a3 a5 19. Bd4 b4 20. axb4 axb4 21. Qe3 Bb7
22. c3 b3 23. f6 Bf8 24. h4 Ra5 25. fxg7 Bxg7 26. h5 Qe7 27. Qf4 h6 28. c4 Bxe5
29. Bxe5 Qc5+ 30. Kg2 e3+ 31. Kh3 Qxe5 32. Qxf7+ Kh8 33. Qxb7 Rb8 34. Qe7 1-0

[Event "Hastings Masters 2010-11"]
[Site "Hastings ENG"]
[Date "2010.12.28"]
[Round "1.13"]
[White "Snape, Ian L"]
[Black "Summerscale, Aaron P"]
[Result "1/2-1/2"]
[BlackTitle "GM"]
[WhiteElo "2228"]
[BlackElo "2434"]
[WhiteFideId "404489"]
[BlackFideId "400980"]
[EventDate "2010.12.28"]

1. e4 e6 2. d4 d5 3. Nc3 Nf6 4. e5 Nfd7 5. f4 c5 6. Nf3 Nc6 7. Be3 a6 8. Qd2 b5
9. dxc5 Bxc5 10. Ne2 Qb6 11. Bxc5 Nxc5 12. Ned4 Nxd4 13. Nxd4 b4 14. Be2 a5 15.
O-O Ba6 16. Bxa6 Rxa6 17. Qe3 O-O 18. f5 exf5 19. Nxf5 Nd7 20. Qxb6 Rxb6 21.
Ne7+ Kh8 22. Nxd5 Rc6 23. e6 Rxe6 24. Rae1 Re5 25. Rxe5 Nxe5 26. Ne3 Rc8 27. Rd1
g6 28. Rd5 Nc4 29. Nxc4 Rxc4 30. Rd2 Kg7 31. Kf2 Kf6 32. Ke3 Ke5 33. Rf2 f5 34.
g3 g5 35. Kd3 Rd4+ 36. Ke3 Re4+ 37. Kd3 Rd4+ 38. Ke3 Re4+ 39. Kd3 f4 40. gxf4+
gxf4 41. c3 Re3+ 42. Kd2 bxc3+ 43. bxc3 Ke4 44. Re2 Rxe2+ 45. Kxe2 a4 46. a3 f3+
47. Kf2 Kd3 48. Kxf3 Kxc3 49. Ke3 Kb3 50. Kd3 Kxa3 51. Kc3 Ka2 52. Kc2 h5 53. h4
a3 54. Kc1 Kb3 55. Kb1 Kc3 56. Ka2 Kd3 57. Kxa3 Ke3 58. Kb2 Kf3 59. Kc2 Kg3 60.
Kd2 1/2-1/2

[Event "Hastings Masters 2010-11"]
[Site "Hastings ENG"]
[Date "2010.12.28"]
[Round "1.14"]
[White "Ramnath, Bhuvanesh R"]
[Black "Grant, Alan G"]
[Result "1-0"]
[WhiteTitle "IM"]
[WhiteElo "2427"]
[BlackElo "2219"]
[WhiteFideId "5026598"]
[BlackFideId "2400723"]
[EventDate "2010.12.28"]

1. e4 c6 2. d4 d5 3. exd5 cxd5 4. c4 Nf6 5. Nc3 e6 6. Nf3 Bb4 7. cxd5 Nxd5 8.
Bd2 Nc6 9. Bd3 Be7 10. a3 O-O 11. O-O Bf6 12. Qc2 g6 13. Bh6 Re8 14. Rad1 Nxc3
15. bxc3 b6 16. h4 Bb7 17. h5 Ne7 18. Rfe1 Bxf3 19. gxf3 Nf5 20. Bf4 Bg5 21. Bh2
Nh4 22. Be4 Qf6 23. f4 Bxf4 24. Bxf4 Qxf4 25. Bxa8 Qg4+ 26. Kf1 Rxa8 27. Qe4
Qxe4 28. Rxe4 Nf5 29. hxg6 hxg6 30. d5 exd5 31. Rxd5 Rc8 32. c4 Rc6 33. Rd7 a5
34. a4 Kg7 35. Ke2 Kf8 36. Kd3 Rd6+ 37. Rxd6 Nxd6 38. Re2 Nb7 39. Kd4 Nc5 40.
Kd5 Nxa4 41. Kc6 g5 42. Ra2 Nc3 43. Rc2 Ne4 44. Kxb6 a4 45. c5 1-0

[Event "Hastings Masters 2010-11"]
[Site "Hastings ENG"]
[Date "2010.12.28"]
[Round "1.16"]
[White "Wohl, Aleksandar H."]
[Black "Jaunooby, Ali R"]
[Result "1-0"]
[WhiteTitle "IM"]
[WhiteElo "2424"]
[BlackElo "2207"]
[WhiteFideId "3200345"]
[BlackFideId "413291"]
[EventDate "2010.12.28"]

1. e4 e5 2. Nf3 Nc6 3. Nc3 Nf6 4. g3 Be7 5. Bg2 O-O 6. d4 d6 7. h3 Re8 8. O-O
Bf8 9. d5 Nb8 10. Nd2 g6 11. Nc4 c6 12. a4 Qc7 13. b3 Na6 14. dxc6 bxc6 15. Qf3
Nh5 16. Ba3 Rb8 17. Rfd1 Nb4 18. Rd2 Be6 19. Ne3 Red8 20. Rad1 Qa5 21. Bf1 Nxc2
22. Rxc2 Rxb3 23. Nc4 Qc7 24. Bc1 d5 25. Nd2 dxe4 26. Ndxe4 Rd4 27. g4 f5 28.
Rxd4 exd4 29. Ng5 Qd6 30. Nxe6 Qxe6 31. gxh5 gxh5 32. Qg2+ Kh8 33. Ne2 1-0

[Event "Hastings Masters 2010-11"]
[Site "Hastings ENG"]
[Date "2010.12.28"]
[Round "1.17"]
[White "Marusenko, Petr"]
[Black "Prasanna, Rao"]
[Result "0-1"]
[WhiteTitle "IM"]
[BlackTitle "IM"]
[WhiteElo "2206"]
[BlackElo "2400"]
[WhiteFideId "14100606"]
[BlackFideId "5022401"]
[EventDate "2010.12.28"]

1. d4 Nf6 2. c4 e6 3. Nc3 d5 4. cxd5 exd5 5. Bg5 Be7 6. e3 h6 7. Bf4 O-O 8. Bd3
c6 9. h3 Nbd7 10. Nf3 b6 11. g4 c5 12. Rg1 cxd4 13. Nxd4 Nc5 14. Nc6 Qe8 15.
Nxe7+ Qxe7 16. g5 hxg5 17. Bxg5 Rd8 18. Qe2 d4 19. Bxf6 Qxf6 20. Ne4 Nxe4 21.
Bxe4 dxe3 22. Qxe3 Rb8 23. Rc1 Re8 24. Bh7+ Kf8 25. Be4 Bf5 26. f3 Qxb2 27. Rc4
Bxe4 28. fxe4 Qb1+ 29. Rc1 Rxe4 30. Rxb1 Rxe3+ 31. Kf2 Rxh3 0-1

[Event "Hastings Masters 2010-11"]
[Site "Hastings ENG"]
[Date "2010.12.28"]
[Round "1.18"]
[White "Swapnil, S. Dhopade"]
[Black "Anderson, John"]
[Result "1-0"]
[WhiteTitle "IM"]
[WhiteElo "2409"]
[BlackElo "2195"]
[WhiteFideId "5019184"]
[BlackFideId "405353"]
[EventDate "2010.12.28"]

1. d4 d5 2. c4 c6 3. Nc3 dxc4 4. e4 e5 5. d5 Nf6 6. Bxc4 b5 7. Bb3 b4 8. Nce2
Bc5 9. Nf3 Nxe4 10. O-O f6 11. Ng3 Nxg3 12. hxg3 Qe7 13. Be3 Bxe3 14. d6 Qb7 15.
Nxe5 fxe5 16. Qh5+ Kd8 17. fxe3 Bd7 18. Qxe5 Re8 19. Rf8 Qb6 20. Qe7+ Kc8 21.
Rxe8+ Bxe8 22. Qxe8+ Kb7 23. Qe7+ 1-0

[Event "Hastings Masters 2010-11"]
[Site "Hastings ENG"]
[Date "2010.12.28"]
[Round "1.19"]
[White "Sugden, John N"]
[Black "Rendle, Thomas E"]
[Result "0-1"]
[BlackTitle "IM"]
[WhiteElo "2193"]
[BlackElo "2400"]
[WhiteFideId "402001"]
[BlackFideId "408760"]
[EventDate "2010.12.28"]

1. d4 f5 2. g3 Nf6 3. Bg2 g6 4. c4 Bg7 5. Nc3 d6 6. Nf3 O-O 7. O-O Nc6 8. d5 Na5
9. Nd2 c5 10. a3 Bd7 11. Qc2 Qc7 12. b3 a6 13. Bb2 b5 14. Rfb1 Rab8 15. Nd1 e5
16. dxe6 Bxe6 17. Ne3 Nc6 18. Nd5 Bxd5 19. cxd5 Ne5 20. Nf3 Nxf3+ 21. Bxf3 Qe7
22. a4 b4 23. a5 Nd7 24. e4 Bxb2 25. Rxb2 f4 26. Bg4 Ne5 27. Be6+ Kh8 28. Qd1
Qf6 29. Rab1 Qg5 30. Bh3 Rf6 31. Qf1 Rbf8 32. Qxa6 fxg3 33. hxg3 Rxf2 34. Rxf2
Qxg3+ 35. Rg2 Nf3+ 36. Kf1 Nh4+ 37. Kg1 Qxh3 38. Rbb2 Nf3+ 39. Kf2 Nd2+ 40. Ke1
Qxg2 41. Rxd2 Qg1+ 0-1

[Event "Hastings Masters 2010-11"]
[Site "Hastings ENG"]
[Date "2010.12.28"]
[Round "1.20"]
[White "Bates, Richard A"]
[Black "Franklin, Samuel G A"]
[Result "1-0"]
[WhiteTitle "IM"]
[WhiteElo "2370"]
[BlackElo "2185"]
[WhiteFideId "403555"]
[BlackFideId "468576"]
[EventDate "2010.12.28"]

1. d4 Nf6 2. Nf3 g6 3. g3 Bg7 4. Bg2 O-O 5. O-O d6 6. c4 Nc6 7. Nc3 a6 8. b3 Rb8
9. Nd5 Nh5 10. Bb2 e6 11. Nc3 b5 12. cxb5 axb5 13. Rc1 b4 14. Na4 Ne7 15. Qc2
Ba6 16. Rfe1 c6 17. e4 Bb5 18. e5 Bxa4 19. bxa4 Ra8 20. exd6 Qxd6 21. Ne5 Ra6
22. Qb3 Nf6 23. Rc2 Nfd5 24. Bf1 Ra7 25. a5 Qb8 26. a6 Qb6 27. Rec1 Bh6 28. Re1
Bg7 29. Qc4 Rc8 30. Qc5 Qxc5 31. Rxc5 f6 32. Nc4 Rxa6 33. Nd6 Rxa2 34. Nxc8 Nxc8
35. Rxc6 Nce7 36. Rc2 f5 37. Bc4 Rxb2 38. Rxb2 Bxd4 39. Rxe6 Kf7 40. Rbe2 1-0

[Event "Hastings Masters 2010-11"]
[Site "Hastings ENG"]
[Date "2010.12.28"]
[Round "1.21"]
[White "Lock, Gavin R"]
[Black "Bellin, Robert"]
[Result "1/2-1/2"]
[BlackTitle "IM"]
[WhiteElo "2182"]
[BlackElo "2367"]
[WhiteFideId "408646"]
[BlackFideId "400343"]
[EventDate "2010.12.28"]

1. d4 f5 2. Nf3 e6 3. Bf4 Nf6 4. e3 b6 5. Bd3 Bb7 6. Nbd2 Be7 7. h3 O-O 8. c3
Ne4 9. Qe2 Kh8 10. O-O-O d6 11. g4 Nd7 12. gxf5 exf5 13. Rhg1 Ndf6 14. h4 Nd5
15. Ng5 Bxg5 16. hxg5 Qe8 17. Nb1 Nxf4 18. exf4 d5 19. f3 Nd6 20. Qh2 Qg6 21.
Nd2 Rae8 22. Rde1 Bc8 23. Re5 Nf7 24. Ree1 Nd6 25. Re5 Nf7 26. Ree1 1/2-1/2

[Event "Hastings Masters 2010-11"]
[Site "Hastings ENG"]
[Date "2010.12.28"]
[Round "1.22"]
[White "Prosviriakov, Vladimir"]
[Black "Rolvag, Mikael"]
[Result "1/2-1/2"]
[WhiteTitle "IM"]
[WhiteElo "2280"]
[BlackElo "2179"]
[WhiteFideId "2004860"]
[BlackFideId "1500481"]
[EventDate "2010.12.28"]

1. Nf3 c5 2. e3 g6 3. d4 cxd4 4. exd4 d5 5. c4 Nf6 6. Nc3 Bg7 7. Qb3 O-O 8. cxd5
Nbd7 9. d6 exd6 10. Be2 Nb6 11. O-O Be6 12. Qb4 Qb8 13. Bg5 h6 14. Bh4 Nbd5 15.
Nxd5 Nxd5 16. Qd2 Qc7 17. Rac1 1/2-1/2

[Event "Hastings Masters 2010-11"]
[Site "Hastings ENG"]
[Date "2010.12.28"]
[Round "1.24"]
[White "Ashton, Adam G"]
[Black "Royset, Paal"]
[Result "1-0"]
[WhiteTitle "FM"]
[WhiteElo "2330"]
[BlackElo "2171"]
[WhiteFideId "410110"]
[BlackFideId "1501330"]
[EventDate "2010.12.28"]

1. e4 c5 2. Nf3 g6 3. c4 Nc6 4. d4 cxd4 5. Nxd4 Bg7 6. Be3 Nf6 7. Nc3 Ng4 8.
Qxg4 Bxd4 9. Bxd4 Nxd4 10. Qd1 e5 11. Bd3 d6 12. O-O O-O 13. Qd2 Qh4 14. f4 exf4
15. Rxf4 Qg5 16. Qf2 Be6 17. h4 Qh6 18. Nd5 Nc6 19. Nf6+ Kh8 20. Rf1 Rac8 21.
Be2 b6 22. g4 Ne5 23. g5 Qg7 24. b3 h5 25. gxh6 Qxh6 26. a4 Rc5 27. Qd4 Rd8 28.
R1f2 Nc6 29. Qc3 Ne5 30. Qg3 a5 31. Rg2 Nc6 32. Qf2 Ne5 33. Rg5 Nc6 34. Qg3 Nd4
35. Bd1 Nc6 36. Rf2 Ne5 37. Rg2 Nc6 38. Qf4 Kg7 39. Nh5+ Kf8 40. Qf6 Re5 41.
Rxg6 Qe3+ 42. Rf2 Ke8 43. Rg3 Qe1+ 44. Rf1 Qxe4 45. Rg8+ Kd7 46. Qxd8+ Nxd8 47.
Nf6+ Kc7 48. Nxe4 Rxe4 49. h5 Bh3 50. Bf3 Rh4 51. Re1 Ne6 52. Re4 Nd4 53. Rxh4
Nxf3+ 54. Kf2 Nxh4 55. Kg3 Bf5 56. Kxh4 Bc2 57. h6 Kc6 58. Rf8 Kc5 59. Rxf7 d5
60. cxd5 Kxd5 61. h7 1-0

[Event "Hastings Masters 2010-11"]
[Site "Hastings ENG"]
[Date "2010.12.28"]
[Round "1.25"]
[White "Marzano, Carlo"]
[Black "Zhou, Yang-Fan"]
[Result "0-1"]
[BlackTitle "FM"]
[WhiteElo "2160"]
[BlackElo "2326"]
[WhiteFideId "802980"]
[BlackFideId "468584"]
[EventDate "2010.12.28"]

1. Nc3 c5 2. Nf3 Nc6 3. e3 a6 4. d4 d5 5. h3 e6 6. a3 Nf6 7. Bd3 c4 8. Be2 b5 9.
O-O Bd6 10. Re1 Bb7 11. Bf1 Ne4 12. Nxe4 dxe4 13. Nd2 f5 14. b3 cxb3 15. c4 Na5
16. cxb5 Bd5 17. bxa6 O-O 18. Bb2 Rc8 19. Rc1 Qe7 20. Nb1 Rxc1 21. Qxc1 f4 22.
exf4 Bxf4 23. Qc5 Qh4 24. Qxa5 e3 25. fxe3 Bg3 26. Re2 Bf2+ 27. Rxf2 Qxf2+ 28.
Kh2 Qxf1 0-1

[Event "Hastings Masters 2010-11"]
[Site "Hastings ENG"]
[Date "2010.12.28"]
[Round "1.26"]
[White "Eggleston, David J"]
[Black "Jackson, James P"]
[Result "1-0"]
[WhiteTitle "FM"]
[WhiteElo "2307"]
[BlackElo "2146"]
[WhiteFideId "412120"]
[BlackFideId "416860"]
[EventDate "2010.12.28"]

1. e4 g6 2. d4 Bg7 3. Nc3 d6 4. Be3 a6 5. Qd2 Nd7 6. h4 h5 7. Nh3 b5 8. Ng5 Bb7
9. a4 b4 10. Ne2 a5 11. Nf4 Ngf6 12. d5 O-O 13. f3 c6 14. dxc6 Bxc6 15. Bc4 Ne5
16. Bb3 Nfd7 17. Nfe6 Qb8 18. Nxf8 Qxf8 19. f4 Ng4 20. Bxf7+ Kh8 21. c3 Bxe4 22.
Nxe4 Qxf7 23. Bd4 e5 24. Ng5 Qc4 25. fxe5 dxe5 26. Be3 Rf8 27. cxb4 Nxe3 28.
Qxe3 e4 29. Rc1 Qxb4+ 30. Qd2 Bxb2 31. Qxb4 axb4 32. Rc7 Nf6 33. Rc6 Ng4 34. Ke2
e3 35. a5 Bd4 36. Ne6 Bc3 1-0

[Event "Hastings Masters 2010-11"]
[Site "Hastings ENG"]
[Date "2010.12.28"]
[Round "1.27"]
[White "Rich, Mark C"]
[Black "Druckenthaner, Andreas"]
[Result "0-1"]
[WhiteTitle "CM"]
[BlackTitle "FM"]
[WhiteElo "2145"]
[BlackElo "2306"]
[WhiteFideId "406724"]
[BlackFideId "1600567"]
[EventDate "2010.12.28"]

1. e4 e5 2. Nf3 Nc6 3. d4 exd4 4. Bc4 Bc5 5. c3 Nf6 6. e5 d5 7. Bb5 Ne4 8. Nxd4
O-O 9. Bxc6 bxc6 10. O-O f6 11. Be3 Qe8 12. exf6 Nxf6 13. Re1 Ng4 14. h3 Nxe3
15. Rxe3 Qg6 16. Rg3 Qh6 17. Qd2 Qh4 18. Na3 Bd7 19. Nac2 Bd6 20. Rd3 Rf6 21.
Nf3 Qh5 22. Ncd4 Rg6 23. Kf1 Rxg2 24. Kxg2 Bxh3+ 25. Kh1 Bf5+ 26. Kg2 Qg6+ 27.
Qg5 Bxd3 28. Ne6 Be4 29. Qxg6 hxg6 0-1

[Event "Hastings Masters 2010-11"]
[Site "Hastings ENG"]
[Date "2010.12.28"]
[Round "1.28"]
[White "Salov, Sergej"]
[Black "Almond, Richard J"]
[Result "1/2-1/2"]
[WhiteTitle "IM"]
[WhiteElo "2294"]
[BlackElo "2145"]
[WhiteFideId "4107926"]
[BlackFideId "404179"]
[EventDate "2010.12.28"]

1. e4 d5 2. exd5 Qxd5 3. Nc3 Qa5 4. d4 c6 5. Nf3 Nf6 6. Bc4 Bf5 7. Bd2 e6 8. Nd5
Qd8 9. Nxf6+ gxf6 10. Qe2 Bxc2 11. Bc3 Bg6 12. Rd1 Qe7 13. a4 Nd7 14. a5 b5 15.
Ba2 Bh6 16. Nh4 a6 17. O-O O-O 18. Nxg6 hxg6 19. d5 cxd5 20. Bxd5 Rab8 21. Rfe1
Rfd8 22. Bf3 1/2-1/2

[Event "Hastings Masters 2010-11"]
[Site "Hastings ENG"]
[Date "2010.12.28"]
[Round "1.30"]
[White "Rayner, Francis"]
[Black "Armstrong, Malcolm J"]
[Result "1-0"]
[WhiteElo "2141"]
[BlackElo "1957"]
[WhiteFideId "1800132"]
[BlackFideId "409049"]
[EventDate "2010.12.28"]

1. e4 d5 2. exd5 Qxd5 3. Nc3 Qa5 4. Bc4 Nf6 5. d3 c6 6. Bd2 Bg4 7. f3 Bh5 8. Qe2
Nbd7 9. g4 Bg6 10. f4 h6 11. f5 Bh7 12. Nb5 1-0